Пропуск в контексте

Историческое описание Охтенского порохового завода. Период 1

Перешедшие в общественное достояние материалы электронного фонда ЦГПБ им. В.В. Маяковского. Сведения о издательстве или типографии: тип. Артилл. Управл.. Место издания: СПб....

Fuld beskrivelse

Сохранить в:
Bibliografiske detaljer
Hovedforfatter: Каменев К. И.
Format: Книга
Sprog:Russian
Udgivet: Санкт-Петербург ЦГПБ им. В.В. Маяковского 1891
Online adgang:http://e.lanbook.com/books/element.php?pl1_id=69021
https://e.lanbook.com/img/cover/book/69021.jpg
Tags: Tilføj Tag
Ingen Tags, Vær først til at tagge denne postø!
LEADER 01314nam0a2200229 i 4500
001 69021
003 RuSpLAN
005 20221220173943.0
008 221220s1891 ru gs 000 0 rus
040 |a RuSpLAN 
041 0 |a rus 
044 |a ru 
245 0 0 |a Историческое описание Охтенского порохового завода. Период 1  |c Каменев К. И. 
260 |a Санкт-Петербург  |b ЦГПБ им. В.В. Маяковского  |c 1891 
300 |a 422 с. 
504 |a Библиогр.: доступна в карточке книги, на сайте ЭБС Лань 
520 8 |a Перешедшие в общественное достояние материалы электронного фонда ЦГПБ им. В.В. Маяковского. Сведения о издательстве или типографии: тип. Артилл. Управл.. Место издания: СПб. 
521 8 |a Книга из коллекции ЦГПБ им. В.В. Маяковского - Социально-гуманитарные науки 
100 1 |a Каменев К. И. 
856 4 |u http://e.lanbook.com/books/element.php?pl1_id=69021 
856 4 8 |u https://e.lanbook.com/img/cover/book/69021.jpg 
953 |a https://e.lanbook.com/img/cover/book/69021.jpg